mtb bike brands by model - Statistics

General Stats
  • This quiz has been taken 630 times
  • The average score is 8 of 10
Answer Stats
Question Answer % Correct
capra yt
87%
giga nukeproof
86%
bronson santa cruz
86%
mmmbop ragley
84%
clash commencal
82%
trance giant
80%
patrol transition
80%
sight norco
77%
supercaliber trek
71%
one forty merida
69%
No matching quizzes found
Score Distribution
Percent of People with Each Score
Percentile by Number Answered
Your Score History
You have not taken this quiz